[Event "Mistrzostwa Miedzywojewodzkie Juniorow OP-SL C11"]
[Site "OW ”Sudety” Pokrzywna "]
[Date "1899-12-30"]
[Round "8.9"]
[White "Martyniak, Milosz"]
[Black "Jasionowski, Filip"]
[Result "1-0"]
[WhiteTitle "II"]
[BlackTitle "II"]
[WhiteElo "1224"]
[BlackElo "1149"]

1. d4 e6 2. c4 Bb4+ 3. Nc3 Nf6 4. e3 b6 5. Bd3 Bb7 6. f3 d5 7. Nge2 O-O 8. O-O
c5 9. cxd5 Bxc3 10. bxc3 exd5 11. Ba3 Nbd7 12. Rb1 Qc7 13. Re1 Rfe8 14. Ng3 c4
15. Bf5 Nf8 16. Bh3 Rad8 17. Rb2 Ne6 18. Rbe2 Ng5 19. Bf5 g6 20. Bc2 a6 21. Qb1
b5 22. e4 Qc8 23. e5 Nd7 24. f4 Ne6 25. f5 Ng7 26. f6 Ne6 27. Be7 Rxe7 28. fxe7
Re8 29. Qb4 Nb8 30. a4 Nc6 31. Qa3 Rxe7 32. axb5 axb5 33. Rb1 Nc7 34. Rf2 Re6
35. Qb2 Kg7 36. Rbf1 Re7 37. Qc1 b4 38. cxb4 Nxb4 39. Qa3 Nc6 40. Qf3 Ne6 41.
Qf6+ Kg8 42. Bf5 Qe8 43. Bxe6 fxe6 44. Ne2 Ba6 45. Ra1 Bb7 46. Rb1 Na5 47. Nc3
Nb3 48. Nb5 Bc6 49. Nd6 Qd8 50. Nf7 1-0

[Event "Mistrzostwa Miedzywojewodzkie Juniorow OP-SL C11"]
[Site "OW ”Sudety” Pokrzywna "]
[Date "1899-12-30"]
[Round "8.10"]
[White "Goszyk, Bartosz"]
[Black "Grzybek, Mikolaj"]
[Result "1/2-1/2"]
[WhiteTitle "II"]
[BlackTitle "II"]
[WhiteElo "1270"]
[BlackElo "1285"]

1. e4 c5 2. Nf3 d6 3. d4 cxd4 4. Nxd4 Nf6 5. Nc3 g6 6. Be3 Bg7 7. f3 O-O 8. Bc4
Nc6 9. Qd2 Bd7 10. O-O-O Rc8 11. Bb3 Na5 12. Kb1 Nxb3 13. Nxb3 a5 14. a3 Ne8 15.
Bd4 e5 16. Be3 a4 17. Nc1 f5 18. Qd5+ Rf7 19. N1a2 Bc6 20. Qd3 f4 21. Bf2 Rfc7
22. Nb4 Bd7 23. Bb6 Rxc3 24. Qd5+ Kh8 25. Bxd8 R3c5 26. Qd2 Rxd8 27. h4 Be6 28.
Qf2 Nf6 29. Rd2 Nh5 30. Rhd1 Bf8 31. Nd5 Ng3 32. Nc3 b5 33. Ne2 Nxe2 34. Qxe2
Bc4 35. Qf2 Rdc8 36. h5 g5 37. Qg1 h6 38. Qh2 Be6 39. g3 Be7 40. gxf4 exf4 41.
Qf2 Kg7 42. Qd4+ Kf7 43. Re1 Bf6 44. Qf2 Be5 45. Red1 Ke7 46. Qe1 R8c7 47. Rf2
Rc8 48. Qa5 R8c7 49. Rfd2 Bc4 50. Rd5 R5c6 51. Qd2 Bxd5 52. Qxd5 Rxc2 53. Rd2
R2c5 54. Qg8 Rc1+ 55. Ka2 Rh1 56. Qh7+ Kd8 57. Qg8+ Ke7 58. Qh7+ Kd8 59. Qg8+
Ke7 1/2-1/2

[Event "Mistrzostwa Miedzywojewodzkie Juniorow OP-SL C11"]
[Site "OW ”Sudety” Pokrzywna "]
[Date "1899-12-30"]
[Round "8.11"]
[White "Bernacki, Michal"]
[Black "Kotowicz, Kamil"]
[Result "0-1"]
[WhiteTitle "II"]
[BlackTitle "II"]
[WhiteElo "1118"]
[BlackElo "1167"]

1. c4 c5 2. Nc3 e6 3. g3 a6 4. Bg2 Be7 5. e3 d6 6. Nge2 Nf6 7. O-O Nbd7 8. b3 O-O
9. Bb2 Rb8 10. d4 cxd4 11. exd4 b6 12. Re1 Bb7 13. Nf4 Bxg2 14. Kxg2 Re8 15. Qc2
Qc7 16. Rac1 Rbc8 17. Kg1 b5 18. cxb5 axb5 19. Re2 Qb7 20. Qd3 b4 21. Nd1 Rxc1
22. Bxc1 Rc8 23. Rc2 d5 24. f3 h6 25. Ne3 Rxc2 26. Qxc2 Qa7 27. Qb2 Bd6 28. Nc2
Nb8 29. Kg2 Na6 30. Bd2 Qb6 31. Nd3 g5 32. g4 Kg7 33. Qc1 Nh7 34. Qe1 Qb8 35.
h3 Qa7 36. Ndxb4 Nxb4 37. Bxb4 Bxb4 38. Qxb4 Qxa2 39. Qc3 Nf8 40. Kg3 Ng6 41.
Nb4 Qe2 42. Nd3 Qe3 43. Qc2 Nh4 44. Qd1 Qxd4 45. b4 Qe3 46. b5 f5 47. Qa1+ Kh7
48. Qf1 f4+ 49. Kh2 Nxf3+ 50. Kh1 Nd2 51. Qf2 Qxh3+ 52. Qh2 Qxd3 53. b6 Nf3 54.
Qh3 Qb1+ 55. Kg2 Nh4+ 56. Kf2 Qxb6+ 0-1

[Event "Mistrzostwa Miedzywojewodzkie Juniorow OP-SL C11"]
[Site "OW ”Sudety” Pokrzywna "]
[Date "1899-12-30"]
[Round "8.12"]
[White "Rzepka, Marcin"]
[Black "Miler, Franciszek"]
[Result "1-0"]
[WhiteTitle "III"]
[BlackTitle "III"]
[WhiteElo "1102"]
[BlackElo "1131"]

1. f4 e6 2. Nf3 Nf6 3. g3 Bc5 4. Bg2 O-O 5. Nc3 Nc6 6. e3 d5 7. O-O Bb4 8. Re1
d4 9. exd4 Nxd4 10. Nxd4 Qxd4+ 11. Kh1 c6 12. a3 Ba5 13. Ne4 Nxe4 14. Rxe4 Qd6
15. b4 Bb6 16. Bb2 Bd7 17. c4 c5 18. d4 Qe7 19. dxc5 Bc7 20. Rd4 Bc8 21. Qe2 a5
22. Bc3 Ra7 23. Rad1 Kh8 24. Re4 f6 25. Bh3 f5 26. Red4 Ra8 27. Bg2 Ra7 28. c6
Bd8 29. Qe5 bxc6 30. Rxd8 Rxd8 31. Rxd8+ Qxd8 32. Bxc6 axb4 33. Bd4 Re7 34. axb4
Qc7 35. Qc5 Bb7 36. b5 Bxc6+ 37. bxc6 Re8 38. Be5 Qc8 39. c7 Qb7+ 40. Kg1 Qb1+
41. Kg2 Qb7+ 42. Kh3 Qc8 43. Qb6 Qd7 44. Qb8 Qc6 45. c5 Rg8 46. Bd6 h6 47. Bf8
Qf3 48. Bxg7+ Kxg7 49. Qxg8+ Kxg8 50. c8=Q+ Kf7 51. Qd7+ Kf8 52. Qxe6 Qg4+ 53.
Kg2 h5 54. Qh6+ Kg8 55. Qg5+ Qxg5 56. fxg5 Kf7 57. Kf3 Ke7 58. Kf4 Ke6 59. c6
Kd6 60. Kxf5 Kxc6 61. Kf6 h4 62. g6 hxg3 63. hxg3 Kd7 64. Kf7 1-0